000 00625cam a22002052 4500
001 0000020406
005 20151217152214.0
008 110916s xx 000 0 eng d
020 _a0853697954
040 _aKABU
_cKABU
245 1 0 _aStockleys' drug interactions pocket companion 2009 /
_c[edited by] Karen Baxter.
250 _a1st ed.
260 _aLondon :
_bPhP,
_c2009.
300 _ax, 459 p.
650 0 _aDrug interactions
_xHandbooks, manuals, etc.
_@0000180367
700 1 _aBaxter, Karen.
_@0000180301
852 1 _9p21750 KES
908 _a110916
950 _@1
999 _c9314
_d9314